Vplyv typu kamery na kvalitu fotogrametrického mračna bodov
Saved in:
| Main Author: | |
|---|---|
| Other Authors: | |
| Format: | Manuscript Book |
| Language: | Slovak |
| Published: |
2020
|
| Subjects: | |
| Online Access: | http://is.stuba.sk/zp/portal_zp.pl?podrobnosti=153518 https://opac.crzp.sk/?fn=detailBiblioForm&sid=F0D9EA643ED4040314EF1F1BE0B8 |
| Tags: |
No Tags, Be the first to tag this record!
|
MARC
| LEADER | 00000ntm a22000003a 4500 | ||
|---|---|---|---|
| 001 | stuzp79572 | ||
| 003 | SK-STU | ||
| 005 | 20230516153440.9 | ||
| 007 | ta | ||
| 008 | 150427s2015----xo-----f-mn---000-0-slo-d | ||
| 040 | |a STU |b slo | ||
| 041 | 0 | |a slo | |
| 100 | 1 | |a Ferencz, Šimon |u 010140 |4 aut |U SvF Stavebná fakulta |T SvF Katedra geodézie |X 81053 |U V140 |Y 14 |7 81053 | |
| 242 | 0 | 1 | |a Influence of camera type onto quality of photogrammetric point cloud |y eng |
| 245 | 1 | 0 | |a Vplyv typu kamery na kvalitu fotogrametrického mračna bodov |
| 260 | |c 2020 | ||
| 650 | 4 | |a fotogrametrické skenovanie |2 slo | |
| 650 | 4 | |a obrazové skenovanie |2 slo | |
| 650 | 4 | |a porovnávacia štúdia |2 slo | |
| 650 | 4 | |a blízka fotogrametria |2 slo | |
| 650 | 4 | |a image scanning |2 eng | |
| 650 | 4 | |a comparative study |2 eng | |
| 650 | 4 | |a close range photogrammetry |2 eng | |
| 650 | 4 | |a photogrammetric scanning |2 eng | |
| 700 | 1 | |a Fraštia, Marek |u 010140 |k Z1 |4 ths |U SvF Stavebná fakulta |T SvF Katedra geodézie |X 930 |U V140 |Y 14 |7 A000000930 | |
| 856 | 4 | |u http://is.stuba.sk/zp/portal_zp.pl?podrobnosti=153518 | |
| 856 | 4 | |u https://opac.crzp.sk/?fn=detailBiblioForm&sid=F0D9EA643ED4040314EF1F1BE0B8 | |